000 00312nam a22001337a 4500
008 170816b xxu||||| |||| 00| 0 eng d
020 _a9780534584825
041 _aeng
080 _28 ED
_a51
100 _a36
101 _aMAT
245 _aA CONCEPT INTRODUCTION TO LOGIC
_cHURLEY.P
942 _2udc
_cBK
999 _c23675
_d23675